000 00927nac a22002777a 4500
001 BR8205515
003 BR-BrBNA
005 20240105115517.0
008 230509b bl.|||m| |||| 00| 0 por d
040 _aBR-BrBNA
_bpor
_cBiblioteca Nacional de Agricultura
072 _aE15
090 _aE15 BR8205515
110 1 _aSuperintendencia de Cooperativismo, Belo Horizonte, MG (Brasil)
_910033
245 1 _aBoletim informativo e estatistico das cooperativas mineiras [Brasil]
260 3 _aBelo Horizonte, MG (Brasil):
_c1982.
300 _a131 p.
490 _aBoletim Informativo e Estatistico das Cooperativas Mineiras (Brazil)
_v
_x
500 _a123 tables; 14 graphs
650 _aCOOPERATIVA
650 _aCOOPERATIVA DE PRODUTORES
650 _aCOOPERATIVA DE CONSUMO
650 _aINDICADOR ECONOMICO
650 _aMINAS GERAIS
909 _a202312
_bLúcia Elande
_c55
_dLúcia Elande
942 _2AGRIS
_n0
_cMS
999 _c275111
_d275111